000 01253nam0a22002891 4500
001 rc\2201470
005 20110829165123.4
035 _a(NLR Aleph) 006615827
090 _a7397272
_c7397272
100 _a20110829d1978 |||y0rusy50 ca
101 0 _arus
102 _aRU
105 _ay g |||||
200 1 _aОрганизация фонда патентной документации в составе справочно-информационных фондов предприятий и организаций
_eМетод. рекомендации
_fВсерос. об-ние "Россельхозтехника" Совета Министров РСФСР
_g[Сост. Синицына О.К.]
210 _aМосква
_cЦБНТИ всерос. об-ния "Россельхозтехника"
_d1978
215 _a29 с.
_d22
320 _aБиблиогр.: с. 24-28
702 1 _aСиницына
_bО. К.
_4220
712 0 2 _a"Россельхозтехника", об-ние
_cМосква
_3RU\NLR\AUTH\8810014950
801 0 _aRU
_bNLR
_gpsbo
801 1 _aRU
_bELAR
_2rusmarc
852 _aNLR
_j78-6/6665
899 _aRuMoRGB
_jM 78-12/3399
899 _aRuMoRGB
_jКБ
899 _aRuMoRGB
_jФ 1-79/11732
942 _cBOOK
980 _aNB